| 000 | 00778nam a22001937a 4500 | ||
|---|---|---|---|
| 999 |
_c372049 _d372049 |
||
| 008 | 201127b ||||| |||| 00| 0 eng d | ||
| 040 |
_aDE-2950 _bger _cDE-2950 _erda |
||
| 041 | _ager | ||
| 245 |
_aWas Dietmar Woidke von Elon Musk hält. _bUnterhaltung. In Plauderlaune ist Brandenburgs Ministerpräsident zum MOZ-Talk nach Frankfurt gekommen. Schauspielering Julia Jäger teilte Anekdoten vom Film-Set / _cPhilipp Stepputtis |
||
| 264 | _c2022 | ||
| 653 | _aFrankfurt (Oder) | ||
| 653 | _aMOZ-Talk | ||
| 653 | _aKleist Forum | ||
| 773 |
_dFrankfurt (Oder) Märkisches Verlags- und Druckhaus GmbH & Co KG _tMärkische Oderzeitung _g33. Jahrgang (2022) Nr. 292 vom 15.12.2022, S. 16 |
||
| 942 | _cA | ||